[Event "London Classic op"]
[Site "London"]
[Date "2011.12.10"]
[Round "8"]
[White "Blazquez, Denis"]
[Black "Shepley, Julien M"]
[Result "1-0"]
[WhiteElo "2178"]
[BlackElo "2043"]
[PlyCount "113"]
[EventDate "2011.12.03"]
[EventType "swiss"]
[EventRounds "9"]
[EventCountry "ENG"]
[SourceTitle "CBM 145 Extra"]
[Source "ChessBase"]
[SourceDate "2012.01.03"]
[SourceVersion "1"]
[SourceVersionDate "2012.01.03"]
[SourceQuality "1"]

1. d4 Nf6 2. Nf3 d5 3. c4 e6 4. cxd5 exd5 5. Qc2 Bd6 6. Bg5 Nbd7 7. Nc3 c6 8. e3 Nf8 9. Bd3 Ne6 10. Bh4 h6 11. Bf5 Qe7 12. 0-0-0 g5 13. Bg3 Ng7 14. Bd3 Be6 15. Kb1 0-0 16. Rhe1 Rae8 17. Ne5 Ngh5 18. f4 Nxg3 19. hxg3 Ng4 20. Qe2 Bxe5 21. dxe5 f5 22. Qd2 Rd8 23. Be2 Nf2 24. Rc1 Ne4 25. Nxe4 dxe4 26. Qc3 Qf7 27. b3 a5 28. Red1 a4 29. Kb2 axb3 30. axb3 Rxd1 31. Rxd1 Bd5 32. Bc4 Rd8 33. Qa5 Rd7 34. Bxd5 cxd5 35. Qb6 Qf8 36. Qe6+ Qf7 37. Qxh6 gxf4 38. Rc1 Qg7 39. Rc8+ Kf7 40. Qxg7+ Kxg7 41. gxf4 d4 42. e6 Re7 43. exd4 Rxe6 44. Rc1 Rd6 45. Rd1 Rd5 46. Kc3 b5 47. Rh1 Kg6 48. Rh8 Rd7 49. Ra8 Kh5 50. Rg8 Kh4 51. Rg5 Rf7 52. Kd2 b4 53. Ke3 Rf8 54. Kf2 Re8 55. g3+ Kh3 56. Rh5+ Kg4 57. Rh4# 1-0

[Event "London Classic op"]
[Site "London"]
[Date "2011.12.05"]
[Round "3"]
[White "Iyengar, Ilya"]
[Black "Blazquez, Denis"]
[Result "0-1"]
[WhiteElo "1974"]
[BlackElo "2178"]
[PlyCount "52"]
[EventDate "2011.12.03"]
[EventType "swiss"]
[EventRounds "9"]
[EventCountry "ENG"]
[SourceTitle "CBM 145 Extra"]
[Source "ChessBase"]
[SourceDate "2012.01.03"]
[SourceVersion "1"]
[SourceVersionDate "2012.01.03"]
[SourceQuality "1"]

1. d4 Nf6 2. Nf3 d5 3. c4 e6 4. Nc3 c6 5. Bg5 Nbd7 6. e3 Qa5 7. cxd5 Nxd5 8. Qd2 N7b6 9. Nxd5 Qxd2+ 10. Kxd2 exd5 11. b3 Bd6 12. Bd3 Be6 13. a3 a5 14. Rhc1 0-0 15. Bh4 h6 16. Bg3 Be7 17. Ne5 Nd7 18. Kc3 Ra7 19. b4 Nxe5 20. Bxe5 Bd7 21. Rcb1 b5 22. Kb3 Rfa8 23. bxa5 Rxa5 24. Bc7 Rxa3+ 25. Rxa3 Rxa3+ 26. Kc2 Rxd3 0-1

[Event "Noisy le Grand-A 1st"]
[Site "Noisy le Grand"]
[Date "2008.12.28"]
[Round "3"]
[White "Blazquez, Denis"]
[Black "Thely, Ludovic"]
[Result "1-0"]
[WhiteElo "2154"]
[BlackElo "2133"]
[PlyCount "81"]
[EventDate "2008.12.26"]
[EventType "tourn"]
[EventRounds "5"]
[EventCountry "FRA"]
[SourceTitle "EXT 2010"]
[Source "ChessBase"]
[SourceDate "2010.11.25"]
[SourceVersion "1"]
[SourceVersionDate "2010.11.25"]
[SourceQuality "1"]

1. d4 Nf6 2. c4 g6 3. Nc3 Bg7 4. e4 d6 5. Bd3 0-0 6. Nge2 c5 7. d5 e6 8. 0-0 Ng4 9. Bc2 Ne5 10. b3 exd5 11. exd5 f5 12. f4 Ng4 13. h3 Nf6 14. Be3 Na6 15. Rc1 Nc7 16. Qd2 Bd7 17. Bd3 Kh8 18. Bf2 Qe7 19. Rfe1 Qf7 20. Kh2 Bh6 21. Ng1 b5 22. g3 b4 23. Nb1 Bg7 24. Re2 Rae8 25. Rce1 a5 26. Nf3 h6 27. Nh4 Ne4 28. Bxe4 fxe4 29. Rxe4 Rxe4 30. Rxe4 g5 31. Re7 Qf6 32. Rxd7 gxh4 33. Rxc7 Qa1 34. Qc2 hxg3+ 35. Bxg3 Qd4 36. Nd2 Re8 37. Nf3 Qe3 38. Nh4 Kg8 39. Rxg7+ Kf8 40. Qh7 Qe2+ 41. Ng2 1-0

[Event "Noisy le Grand-A 1st"]
[Site "Noisy le Grand"]
[Date "2008.12.26"]
[Round "1"]
[White "Silva, Francis"]
[Black "Blazquez, Denis"]
[Result "0-1"]
[WhiteElo "2023"]
[BlackElo "2154"]
[PlyCount "68"]
[EventDate "2008.12.26"]
[EventType "tourn"]
[EventRounds "5"]
[EventCountry "FRA"]
[SourceTitle "EXT 2010"]
[Source "ChessBase"]
[SourceDate "2010.11.25"]
[SourceVersion "1"]
[SourceVersionDate "2010.11.25"]
[SourceQuality "1"]

1. d4 Nf6 2. Bg5 e6 3. e3 b6 4. Nd2 Bb7 5. Ngf3 Be7 6. Bd3 h6 7. Bh4 d5 8. Ne5 0-0 9. 0-0 c5 10. c3 Nfd7 11. Bxe7 Qxe7 12. f4 Nc6 13. Qh5 f5 14. g4 Nf6 15. Qh4 Nxg4 16. Qxe7 Nxe7 17. Nxg4 fxg4 18. Be2 h5 19. dxc5 bxc5 20. Nb3 Rac8 21. c4 Nf5 22. Kf2 d4 23. exd4 cxd4 24. Rg1 e5 25. fxe5 Rce8 26. Nc5 Ne3+ 27. Kg3 Bc6 28. Kh4 Rxe5 29. Nd3 Nf5+ 30. Kg5 Rxe2 31. Nf4 Rxh2 32. Ng6 Rf6 33. Raf1 Bf3 34. c5 Ne3 0-1

[Event "Barcelona Sants op 09th"]
[Site "Barcelona"]
[Date "2007.08.25"]
[Round "2"]
[White "Lapshun, Yury"]
[Black "Blazquez, Denis"]
[Result "1-0"]
[WhiteElo "2479"]
[BlackElo "2169"]
[PlyCount "77"]
[EventDate "2007.08.24"]
[EventType "swiss"]
[EventRounds "10"]
[EventCountry "ESP"]
[SourceTitle "CBM 120 Extra"]
[Source "ChessBase"]
[SourceDate "2007.11.01"]
[SourceVersion "1"]
[SourceVersionDate "2007.11.01"]
[SourceQuality "1"]

1. b4 e5 2. Bb2 f6 3. e4 Bxb4 4. Bc4 Qe7 5. Nc3 c6 6. f4 Bxc3 7. Bxc3 exf4 8. Qh5+ g6 9. Qe2 d6 10. Nh3 Bxh3 11. gxh3 Nd7 12. 0-0 f3 13. Rxf3 Ne5 14. Re3 Nh6 15. Rf1 Rf8 16. Bb3 0-0-0 17. a4 Rde8 18. Kh1 Kb8 19. a5 Qc7 20. Qe1 g5 21. Qe2 Qg7 22. Ba4 f5 23. Rb1 Ka8 24. Bd4 Qc7 25. Reb3 Rb8 26. Bb6 Qc8 27. d4 Nd7 28. e5 dxe5 29. dxe5 Nxb6 30. axb6 Qe6 31. bxa7 Qd5+ 32. Qg2 Qxg2+ 33. Kxg2 Kxa7 34. Bxc6 b5 35. c4 b4 36. c5 Rbc8 37. Ra1+ Kb8 38. Rxb4+ Kc7 39. Rb6 1-0

[Event "Fouesnant op 10th"]
[Site "Fouesnant"]
[Date "2004.10.29"]
[Round "8"]
[White "Yoccoz, Jean Christophe"]
[Black "Blazquez, Denis"]
[Result "1/2-1/2"]
[WhiteElo "2165"]
[BlackElo "2169"]
[PlyCount "71"]
[EventDate "2004.10.23"]
[EventType "swiss"]
[EventRounds "9"]
[EventCountry "FRA"]
[SourceTitle "EXT 2007"]
[Source "ChessBase"]
[SourceDate "2006.11.23"]
[SourceVersion "1"]
[SourceVersionDate "2006.11.23"]
[SourceQuality "1"]

1. Nf3 d5 2. d4 c6 3. g3 Nf6 4. Bg2 g6 5. 0-0 Bg7 6. b3 0-0 7. Bb2 a5 8. Nbd2 Nbd7 9. c4 a4 10. c5 Ne4 11. Qc2 a3 12. Bc3 Nxc3 13. Qxc3 b6 14. b4 bxc5 15. bxc5 Qa5 16. Qe3 Re8 17. Nb3 Qc7 18. Qf4 e5 19. dxe5 Nxe5 20. Nfd4 Qd7 21. Rad1 Ba6 22. Rfe1 Bc4 23. h3 Rac8 24. Qc1 Qa7 25. Qc2 Nd7 26. e4 Nxc5 27. exd5 cxd5 28. Rxe8+ Rxe8 29. Nc6 Qb6 30. Nxc5 Qxc5 31. Bxd5 Rc8 32. Qxc4 Qxc4 33. Bxc4 Rxc6 34. Rd8+ Bf8 35. Bb3 Rc7 36. Kg2 1/2-1/2

[Event "Fouesnant op 10th"]
[Site "Fouesnant"]
[Date "2004.10.27"]
[Round "6"]
[White "Blazquez, Denis"]
[Black "Pytel, Krzysztof"]
[Result "0-1"]
[WhiteElo "2169"]
[BlackElo "2395"]
[PlyCount "52"]
[EventDate "2004.10.23"]
[EventType "swiss"]
[EventRounds "9"]
[EventCountry "FRA"]
[SourceTitle "EXT 2007"]
[Source "ChessBase"]
[SourceDate "2006.11.23"]
[SourceVersion "1"]
[SourceVersionDate "2006.11.23"]
[SourceQuality "1"]

1. d4 e6 2. c4 f5 3. g3 Nf6 4. Bg2 Be7 5. Nf3 0-0 6. 0-0 Ne4 7. Qc2 Bf6 8. Nc3 Nxc3 9. bxc3 Nc6 10. Ba3 d6 11. Rad1 Qe8 12. c5 d5 13. Nd2 Kh8 14. f3 e5 15. e4 exd4 16. exd5 dxc3 17. dxc6 cxd2 18. cxb7 Bxb7 19. c6 Ba6 20. Bxf8 Qe3+ 21. Rf2 Qe1+ 22. Rf1 Bd4+ 23. Kh1 Bxf1 24. Bxf1 Qf2 25. Bg2 Re8 26. Bxg7+ Kxg7 0-1

[Event "Fouesnant op 10th"]
[Site "Fouesnant"]
[Date "2004.10.26"]
[Round "5"]
[White "Blazquez, Denis"]
[Black "Soyer, Jean Yves"]
[Result "1-0"]
[WhiteElo "2169"]
[BlackElo "2141"]
[PlyCount "57"]
[EventDate "2004.10.23"]
[EventType "swiss"]
[EventRounds "9"]
[EventCountry "FRA"]
[SourceTitle "EXT 2007"]
[Source "ChessBase"]
[SourceDate "2006.11.23"]
[SourceVersion "1"]
[SourceVersionDate "2006.11.23"]
[SourceQuality "1"]

1. d4 Nf6 2. c4 g6 3. Nc3 Bg7 4. e4 d6 5. Bd3 0-0 6. Nge2 c5 7. d5 e6 8. 0-0 exd5 9. cxd5 b6 10. a4 Ba6 11. Nb5 Re8 12. Nec3 Bxb5 13. axb5 Nbd7 14. f4 c4 15. Bc2 Nc5 16. Qf3 Nfd7 17. Be3 Nd3 18. Bxd3 cxd3 19. Bf2 Nc5 20. Bxc5 bxc5 21. Qxd3 f5 22. exf5 Bd4+ 23. Kh1 Re3 24. Qc2 gxf5 25. Qxf5 Qe8 26. Qg5+ Kh8 27. f5 Qe5 28. Qf4 Qe8 29. f6 1-0

[Event "ESP-chT"]
[Site "Barcelona"]
[Date "2000.08.08"]
[Round "4"]
[White "Rebole Arbea, Jose Ignacio"]
[Black "Blazquez, Denis"]
[Result "0-1"]
[WhiteElo "2125"]
[BlackElo "2180"]
[PlyCount "104"]
[EventDate "2000.08.05"]
[EventType "team-tourn"]
[EventRounds "9"]
[EventCountry "ESP"]
[SourceTitle "CBM 077 Extra"]
[Source "ChessBase"]
[SourceDate "2000.09.14"]
[SourceVersion "1"]
[SourceVersionDate "2000.09.14"]
[SourceQuality "1"]

1. Nf3 Nf6 2. g3 g6 3. Bg2 Bg7 4. d4 d5 5. c4 c6 6. Nc3 0-0 7. 0-0 Ne4 8. Nxe4 dxe4 9. Ng5 Qxd4 10. Qxd4 Bxd4 11. Bxe4 Na6 12. Nf3 Bg7 13. Rb1 f5 14. Bc2 e5 15. b4 e4 16. Ng5 h6 17. Nh3 g5 18. f4 g4 19. Nf2 Be6 20. b5 cxb5 21. cxb5 Nc5 22. Be3 Rac8 23. Rfc1 b6 24. a4 Ba2 25. Rb4 Bc3 26. Bxc5 Rxc5 27. Bb3+ Bxb3 28. Rxb3 Rfc8 29. Rd1 Rc4 30. Rd5 R8c5 31. Rd8+ Kf7 32. Rd7+ Ke6 33. Rxa7 Ba5 34. Rh7 Rxa4 35. Rxh6+ Kd5 36. Rb1 Ra2 37. Rf6 Kd4 38. Rd6+ Kc4 39. Rc6 Rxe2 40. Rxc5+ Kxc5 41. h4 gxh3 42. Nxh3 Re1+ 43. Rxe1 Bxe1 44. Kg2 Kxb5 45. Ng5 Kc4 46. g4 Kd3 47. gxf5 Bb4 48. f6 e3 49. f7 e2 50. Nf3 Ke3 51. Ne1 Bf8 52. Kg3 b5 0-1

[Event "Paris Apsap op"]
[Site "Paris"]
[Date "1998.??.??"]
[Round "?"]
[White "Abergel, Thal"]
[Black "Blazquez, Denis"]
[Result "1/2-1/2"]
[WhiteElo "2125"]
[BlackElo "2175"]
[PlyCount "98"]
[EventDate "1998.??.??"]
[EventType "swiss"]
[EventRounds "9"]
[EventCountry "FRA"]
[SourceTitle "EXT 2002"]
[Source "ChessBase"]
[SourceDate "2001.11.25"]
[SourceVersion "1"]
[SourceVersionDate "2001.11.25"]
[SourceQuality "1"]

1. e4 Nf6 2. e5 Nd5 3. c4 Nb6 4. d4 d6 5. exd6 exd6 6. Be3 Be7 7. Bd3 Bf6 8. Nf3 Bg4 9. Nbd2 Nc6 10. Qb1 d5 11. c5 Nc8 12. 0-0 g6 13. h3 Be6 14. b4 0-0 15. Re1 a5 16. bxa5 Nxa5 17. Qc2 c6 18. Bf4 b6 19. cxb6 Nxb6 20. Ne5 Nbc4 21. Bxc4 dxc4 22. Qc3 Bg7 23. Rab1 Qd5 24. Ne4 Bf5 25. Qe3 Rfe8 26. Nc3 Qd8 27. Rbd1 f6 28. g4 Bd3 29. Bh6 c5 30. Bxg7 Kxg7 31. d5 Rxe5 32. Qxc5 Rc8 33. Qd4 Nb7 34. f4 Rxe1+ 35. Rxe1 Qc7 36. Qa7 Qc5+ 37. Qxc5 Nxc5 38. Re7+ Kg8 39. Kf2 f5 40. Ke3 Ne4 41. Kd4 Nxc3 42. Kxc3 Rd8 43. Kd4 Be4 44. Kxc4 Bxd5+ 45. Kd4 Bxa2+ 46. Ke5 fxg4 47. hxg4 Bf7 48. f5 g5 49. Kf6 Kf8 1/2-1/2

[Event "Las Palmas op"]
[Site "Las Palmas"]
[Date "1995.??.??"]
[Round "9"]
[White "Blazquez, Denis"]
[Black "Rodriguez Guerras, Cesar"]
[Result "1-0"]
[WhiteElo "2205"]
[BlackElo "2240"]
[PlyCount "65"]
[EventDate "1995.11.??"]
[EventType "swiss"]
[EventRounds "9"]
[EventCountry "ESP"]
[SourceTitle "EXT 1998"]
[Source "ChessBase"]
[SourceDate "1997.11.17"]
[SourceVersion "1"]
[SourceVersionDate "1997.11.17"]
[SourceQuality "1"]

1. d4 Nf6 2. c4 e5 3. dxe5 Ne4 4. Nf3 Nc6 5. Nbd2 Bb4 6. a3 Bxd2+ 7. Bxd2 Nxe5 8. Nxe5 Nxf2 9. Kxf2 Qh4+ 10. g3 Qd4+ 11. e3 Qxe5 12. Bc3 Qf5+ 13. Qf3 Qc2+ 14. Be2 0-0 15. Rac1 Qg6 16. Qh5 Qxh5 17. Bxh5 d6 18. Bf3 Rb8 19. Rhd1 Be6 20. Bd5 Bg4 21. Rd4 Bh5 22. g4 Bg6 23. h4 c6 24. Bf3 f5 25. g5 Rbd8 26. Rcd1 d5 27. cxd5 c5 28. Rf4 Rd6 29. h5 Be8 30. Be5 Rb6 31. d6 Bd7 32. Bd5+ Kh8 33. h6 1-0